Misingi ya isimujamii (Record no. 1431)

000 -LEADER
fixed length control field 00603nam a22001937a 4500
003 - CONTROL NUMBER IDENTIFIER
control field OSt
005 - DATE AND TIME OF LATEST TRANSACTION
control field 20141110100712.0
008 - FIXED-LENGTH DATA ELEMENTS--GENERAL INFORMATION
fixed length control field 141110b xxu||||| |||| 00| 0 eng d
020 ## - INTERNATIONAL STANDARD BOOK NUMBER
International Standard Book Number 9789987531097
050 ## - LIBRARY OF CONGRESS CALL NUMBER
Classification number PL8702.08 2010
100 ## - MAIN ENTRY--PERSONAL NAME
Personal name King'ei, Kitula G.
245 ## - TITLE STATEMENT
Title Misingi ya isimujamii
Statement of responsibility, etc Kitula King'ei.
260 ## - PUBLICATION, DISTRIBUTION, ETC. (IMPRINT)
Place of publication, distribution, etc Dar es Salaam
Name of publisher, distributor, etc Taasisi ya Taaluma za Kiswahili, Chuo Kikuu cha Dar es Salaam
Date of publication, distribution, etc 2010
300 ## - PHYSICAL DESCRIPTION
Extent x, 195 p. ;
Dimensions 21 cm.
501 ## - WITH NOTE
With note In Swahili.<br/>
504 ## - BIBLIOGRAPHY, ETC. NOTE
Bibliography, etc Includes bibliographical references (p. 192-195).
520 ## - SUMMARY, ETC.
Summary, etc A guide to sociolinguistics.
942 ## - ADDED ENTRY ELEMENTS (KOHA)
Source of classification or shelving scheme
Koha item type Book
Holdings
Withdrawn status Lost status Source of classification or shelving scheme Damaged status Not for loan Home library Current library Shelving location Date acquired Total Checkouts Full call number Barcode Date last seen Date checked out Copy number Price effective from Koha item type
          Riara University Library Riara University Library General stack 10/11/2014 4 PL8702.08 2010 5064/14 09/04/2018 06/04/2018 C.1 10/11/2014 Book

Riara University Library,
P.O. Box 49940-00100,
Nairobi, Kenya.